000 00243nam a22001097a 4500
082 _a733.3 STR'C
100 _aSTRONG, DONALD E
_979866
245 _aTHE CLASSICAL WORLD
260 _aLONDON
_bPAUL HAMLYN
_c1965
300 _a166P
942 _cBK
999 _c584856
_d584856